000 00758nam a22002177a 4500
003 0
005 20251009095457.0
008 251009b xxu||||| |||| 00| 0 eng d
020 _a978-0-367-47105-7
050 _aBF 713
_b.S78 2025
245 _aA Student's guide to developmental psychology /
_cMargaret Harris, Gert Westermann, Sunae Kim and Marina Bazhydai.
250 _aSecond edition.
260 _aNew York, NY :
_bRoutledge,
_c2025.
300 _axviii, 471 pages :
_billustrations ;
_c25 cm.
504 _aIncludes bibliographical references and index.
650 _aDevelopmental psychology.
650 _aChild development.
650 _aDevelopmental psychology
_xTextbooks.
650 _aPsychology
_xStudy and teaching.
942 _2lcc
_cBK
999 _c368194
_d368194